<?xml version="1.0" encoding="UTF-8"?>
<record
    xmlns:xsi="http://www.w3.org/2001/XMLSchema-instance"
    xsi:schemaLocation="http://www.loc.gov/MARC21/slim http://www.loc.gov/standards/marcxml/schema/MARC21slim.xsd"
    xmlns="http://www.loc.gov/MARC21/slim">

  <leader>01467cam a2200169 a 4500</leader>
  <datafield tag="020" ind1=" " ind2=" ">
    <subfield code="a">9781594201646</subfield>
  </datafield>
  <datafield tag="082" ind1="0" ind2="0">
    <subfield code="a">953.8052</subfield>
    <subfield code="b">COL</subfield>
  </datafield>
  <datafield tag="100" ind1="1" ind2=" ">
    <subfield code="a">Coll, Steve.</subfield>
    <subfield code="9">9738</subfield>
  </datafield>
  <datafield tag="245" ind1="1" ind2="4">
    <subfield code="a">The Bin Ladens :</subfield>
    <subfield code="b">an Arabian family in the American century /</subfield>
    <subfield code="c">Steve Coll.</subfield>
  </datafield>
  <datafield tag="260" ind1=" " ind2=" ">
    <subfield code="a">New York :</subfield>
    <subfield code="b">Penguin Press,</subfield>
    <subfield code="c">2008.</subfield>
  </datafield>
  <datafield tag="300" ind1=" " ind2=" ">
    <subfield code="a">671 p. :</subfield>
    <subfield code="b">ill. ;</subfield>
    <subfield code="c">25 cm.</subfield>
  </datafield>
  <datafield tag="505" ind1="0" ind2=" ">
    <subfield code="a">Patriarchs : 1900 to September 1967. In exile -- The royal garage -- Silent partners -- The glory of his reign -- For Jerusalem -- The backlash -- A modern man -- Crosswind -- Sons and daughters : September 1967 to May 1988. The guardians -- Young Osama -- Realm of conspiracy -- The rising son -- Discovering America -- The convert's zeal -- Wired -- The amusement park -- In the king's service -- Anxiety disorder -- The grinder -- The arms bazaar -- Off the books -- The proposal -- Kitty Hawk field of dreams -- The global family : June 1988 to September 2001. Writer-director-producer -- Lump sums -- America in motion -- The Swiss accounts -- A Rolls Royce in the rain -- The construction of exile -- Hedge funds -- A trojan desk -- The aesthetics of worship -- One phone, one world -- Lawyers, guns, and money -- Bin Laden island -- Legacies : September 2001 to September 2007. The name -- Public relations -- Brands -- So what? -- In exile.</subfield>
  </datafield>
  <datafield tag="526" ind1=" " ind2=" ">
    <subfield code="a">0</subfield>
    <subfield code="b">0</subfield>
    <subfield code="c">0</subfield>
    <subfield code="d">953_805200000000000_COL</subfield>
  </datafield>
  <datafield tag="650" ind1=" " ind2=" ">
    <subfield code="a">MCE</subfield>
    <subfield code="9">379</subfield>
  </datafield>
  <datafield tag="856" ind1="4" ind2="1">
    <subfield code="u">http://www.loc.gov/catdir/toc/ecip082/2007042748.html</subfield>
  </datafield>
  <datafield tag="942" ind1=" " ind2=" ">
    <subfield code="2">ddc</subfield>
    <subfield code="c">BK</subfield>
  </datafield>
  <datafield tag="999" ind1=" " ind2=" ">
    <subfield code="c">549662</subfield>
    <subfield code="d">549662</subfield>
  </datafield>
  <datafield tag="952" ind1=" " ind2=" ">
    <subfield code="0">0</subfield>
    <subfield code="1">0</subfield>
    <subfield code="2">ddc</subfield>
    <subfield code="4">0</subfield>
    <subfield code="7">0</subfield>
    <subfield code="a">MCE</subfield>
    <subfield code="b">MCE</subfield>
    <subfield code="d">2014-10-03</subfield>
    <subfield code="l">3</subfield>
    <subfield code="m">1</subfield>
    <subfield code="o">953.8052 COL</subfield>
    <subfield code="p">MCE-46248</subfield>
    <subfield code="r">2017-03-22</subfield>
    <subfield code="s">2017-02-22</subfield>
    <subfield code="w">2014-10-03</subfield>
    <subfield code="y">BK</subfield>
  </datafield>
</record>
